000 00983cam a22002651 4500
001 000013574
005 20200929163257.0
008 720210s1963 enka b 000 0 eng
010 _a63005935
015 _aGB63-11660
035 _a(OCoLC)238161
040 _aDO-SdBNP
_cODaWU
_dOCoLC
_dUk
_dDLC
042 _apremarc
050 0 0 _aHF499
_b.M33
100 1 _aMaizels, Alfred.
_930950
245 1 0 _aIndustrial growth and world trade, :
_ban empirical study of trends in production, consumption and trade in manufactures from 1899-1959, with a discussion of probable future trends.
260 _aCambridge [Eng.] :
_bUniversity Press,
_c1963.
300 _axxiii, 563 p. :
_bdiagrs., tables. ;
_c24 cm.
410 2 0 _aNational Institute of Economic and Social Research.
_tEconomic and social studies,
_v21
504 _aBibliography: p. 549-556.
650 0 _aCommerce.
_930951
650 0 _aIndustrialization.
_930952
910 _aCatalogación por copia / LC
082 _a382
999 _c13195
_d13195